عرض عادي
عرض مارك
- Higgins, Raymond Aurelius.
مدخل إسم شخص
001 - رقم الضبط
- حقل الضبط: 40510
003 - معرف رقم الضبط
- حقل الضبط: OSt
005 - تاريخ ووقت أخر عملية
- حقل الضبط: 20131118170949.0
008 - عناصر بيانات ثابتة الطول
- حقل تحكم ثابت الطول: 131118|||a|||||| | ||| d
040 ## - مصدر الفهرسة
- هيئة الفهرسة الأصلية: OSt
- وكالة الكتابة: OSt
100 ## - مدخل -- أسم شخص
- إسم شخص: Higgins, Raymond Aurelius.
670 ## - بيانات المصدر موجوده
- الاستشهاد بالمصدر: Work cat.: (OSt)0: Higgins, Raymond Aurelius., Materials for engineers and technicians /, c2006.
